[Event "7th Sharjah Challengers"]
[Site "Sharjah UAE"]
[Date "2024.05.16"]
[Round "3.11"]
[White "Mohammad Fahad, Rahman"]
[Black "Mulenga, Prince Daniel"]
[Result "1/2-1/2"]
[WhiteTitle "IM"]
[BlackTitle "FM"]
[WhiteElo "2435"]
[BlackElo "2219"]
[WhiteFideId "10207791"]
[BlackFideId "8701776"]
[EventDate "2024.05.14"]

1. d4 Nf6 2. c4 e6 3. Nf3 Bb4+ 4. Nbd2 b6 5. a3 Bxd2+ 6. Qxd2 Bb7 7. e3 O-O 8.
Be2 d6 9. O-O Nbd7 10. b4 Ne4 11. Qc2 f5 12. d5 e5 13. Bb2 Qe7 14. Rfd1 c6 15.
dxc6 Bxc6 16. Ne1 Ng5 17. Bd3 g6 18. Qb3 Nf7 19. Be2 Rac8 20. Rd2 Nf6 21. f3 Bd7
22. a4 Be6 23. Nc2 a6 24. Na3 Qb7 25. Qd1 Rfd8 26. Rc1 Rd7 27. f4 Rcd8 28. Qe1
Ne4 29. Bf3 Rc8 30. Qh4 Rdc7 31. Rcd1 Re8 32. h3 Rcc8 33. Rxd6 Nfxd6 34. Rxd6
Qe7 35. Qxe7 Rxe7 36. Bxe4 fxe4 37. Bxe5 Bxc4 38. Nxc4 Rxc4 39. Rxb6 a5 40. bxa5
Rxa4 41. a6 Kf7 42. Rf6+ Ke8 43. Bd4 Rc7 44. f5 gxf5 45. a7 Rf7 46. Rd6 Raxa7
47. Bxa7 Rxa7 48. Rd5 Rf7 49. Kh2 Ke7 50. Kg3 Ke6 51. Ra5 Rg7+ 52. Kf4 Rxg2 53.
Re5+ Kf6 54. Rxf5+ Kg6 55. Kxe4 h5 56. h4 Ra2 57. Rf4 Ra3 58. Kf3 Ra1 59. Rd4
Rh1 60. Kg3 Kf5 61. Rd5+ Ke4 62. Rxh5 Kxe3 63. Re5+ Kd4 64. Ra5 Ke4 65. Kg4 Rg1+
66. Kh5 Kf4 67. Kh6 Rb1 68. Rg5 Rb8 69. Kh7 Rb7+ 70. Kg6 Rb6+ 71. Kh5 Rb8 72.
Rg6 Kf5 73. Ra6 Rh8+ 74. Rh6 Rb8 75. Rh7 Kf6 76. Kh6 Kf5 77. Rc7 Rh8+ 78. Rh7
Rxh7+ 79. Kxh7 Kg4 80. h5 Kxh5 1/2-1/2

[Event "7th Sharjah Challengers"]
[Site "Sharjah UAE"]
[Date "2024.05.16"]
[Round "3.12"]
[White "Movahed, Sina"]
[Black "Kazarian, Anna-Maja"]
[Result "1-0"]
[WhiteTitle "IM"]
[BlackTitle "FM"]
[WhiteElo "2464"]
[BlackElo "2182"]
[WhiteFideId "42520835"]
[BlackFideId "1033689"]
[EventDate "2024.05.14"]

1. e4 e6 2. d4 d5 3. e5 c5 4. c3 Qb6 5. Nf3 Bd7 6. Be2 Nc6 7. O-O Rc8 8. dxc5
Bxc5 9. b4 Be7 10. Na3 f6 11. Be3 Qc7 12. Nb5 Qb8 13. c4 dxc4 14. Bc5 Nxe5 15.
Nd6+ Bxd6 16. Bxd6 Nxf3+ 17. Bxf3 Qa8 18. Re1 Ne7 19. Bg4 f5 20. Bh5+ g6 21. Qd4
O-O 22. Bxe7 Rf7 23. Qxd7 gxh5 24. Qxe6 Re8 25. Qxc4 1-0

[Event "7th Sharjah Challengers"]
[Site "Sharjah UAE"]
[Date "2024.05.17"]
[Round "4.1"]
[White "Viani, Antonio Dcunha"]
[Black "Sammed Jaykumar, Shete"]
[Result "1-0"]
[WhiteTitle "IM"]
[BlackTitle "IM"]
[WhiteElo "2394"]
[BlackElo "2383"]
[WhiteFideId "5027330"]
[BlackFideId "5073421"]
[EventDate "2024.05.14"]

1. e4 c5 2. Nf3 Nc6 3. d4 cxd4 4. Nxd4 Nf6 5. Nc3 e5 6. Ndb5 d6 7. Bg5 a6 8. Na3
b5 9. Nd5 Be7 10. Bxf6 Bxf6 11. c3 O-O 12. Nc2 Rb8 13. h4 g6 14. g3 Bg7 15. h5
Be6 16. Nce3 Qd7 17. a4 Rfc8 18. axb5 axb5 19. Qf3 f5 20. exf5 gxf5 21. h6 Bh8
22. Bh3 Rf8 23. Ra6 e4 24. Qh5 Ne5 25. Nf4 Rf7 26. Nxe6 Qxe6 27. Bxf5 Nd3+ 28.
Kf1 Qe5 29. Rh4 Nc5 30. Rc6 Kf8 31. b4 Qxc3 32. bxc5 Bd4 33. Rxe4 b4 34. Be6
Qd3+ 35. Kg1 Qb1+ 36. Nd1 Bxf2+ 37. Kh2 Rf6 38. Rc7 Bxg3+ 39. Kxg3 Rg6+ 40. Qxg6
hxg6 41. h7 Qd3+ 42. Ne3 Qc3 43. Rf7+ Ke8 44. Bd5+ Kd8 45. Rf8+ Kd7 46. c6+ Kc7
47. Re7+ 1-0

[Event "7th Sharjah Challengers"]
[Site "Sharjah UAE"]
[Date "2024.05.17"]
[Round "4.3"]
[White "Delgado Ramirez, Neuris"]
[Black "Liyanage, Ranindu Dilshan"]
[Result "1/2-1/2"]
[WhiteTitle "GM"]
[BlackTitle "IM"]
[WhiteElo "2489"]
[BlackElo "2362"]
[WhiteFideId "3503631"]
[BlackFideId "9915834"]
[EventDate "2024.05.14"]

1. e4 e5 2. Nc3 Nf6 3. g3 Nc6 4. Bg2 Bc5 5. d3 a6 6. h3 d6 7. Nge2 Be6 8. Nd5 h6
9. c3 Ba7 10. Be3 Bxe3 11. fxe3 Bxd5 12. exd5 Ne7 13. Qd2 c6 14. dxc6 bxc6 15.
g4 d5 16. Ng3 Qd6 17. e4 dxe4 18. Nxe4 Nxe4 19. Bxe4 Qe6 20. Rg1 Rd8 21. c4 Ng6
22. O-O-O Nf4 23. Qe3 O-O 24. Rge1 Rfe8 25. Qf3 Rd4 26. Bxc6 Nxd3+ 27. Rxd3 Rxd3
28. Qxd3 Qxc6 1/2-1/2

[Event "7th Sharjah Challengers"]
[Site "Sharjah UAE"]
[Date "2024.05.17"]
[Round "4.6"]
[White "Divya, Deshmukh"]
[Black "Farahat, Ali"]
[Result "1-0"]
[WhiteTitle "IM"]
[BlackTitle "IM"]
[WhiteElo "2443"]
[BlackElo "2327"]
[WhiteFideId "35006916"]
[BlackFideId "10600507"]
[EventDate "2024.05.14"]

1. e4 e5 2. Nf3 Nc6 3. Bb5 a6 4. Ba4 b5 5. Bb3 Nf6 6. O-O Bc5 7. a4 Rb8 8. c3 d6
9. d4 Bb6 10. a5 Ba7 11. h3 h6 12. Be3 Ra8 13. Nbd2 O-O 14. Re1 Re8 15. Ba2 Bb7
16. Qb3 Rf8 17. Bb1 exd4 18. cxd4 Re8 19. Nf1 Ne7 20. Ng3 Ng6 21. d5 c5 22. dxc6
Bxc6 23. Bc2 Bxe3 24. Rxe3 Bb7 25. Qb4 Rc8 26. Bb3 Rc5 27. Rd1 Qc7 28. Qe1 Ne5
29. Nxe5 Rcxe5 30. f3 Bc8 31. Kh1 Be6 32. Bxe6 R5xe6 33. Rc1 Qb8 34. Nf5 d5 35.
Nd4 dxe4 36. Nxe6 Rxe6 37. fxe4 Qe5 38. Qc3 Nxe4 39. Qxe5 Rxe5 40. Rf3 b4 41.
Rb3 Kh7 42. Rc7 Rxa5 43. Rxb4 Nd2 44. Kg1 Rf5 45. Rd7 Rf1+ 46. Kh2 Rd1 47. Rbd4
Nf1+ 48. Kg1 Rb1 49. Rd1 1-0

[Event "7th Sharjah Challengers"]
[Site "Sharjah UAE"]
[Date "2024.05.17"]
[Round "4.7"]
[White "Garifullina, Leya"]
[Black "Dhruva, Thota"]
[Result "1-0"]
[WhiteTitle "IM"]
[WhiteElo "2431"]
[BlackElo "2351"]
[WhiteFideId "34127035"]
[BlackFideId "25996533"]
[EventDate "2024.05.14"]

1. e4 c5 2. Nf3 d6 3. Bb5+ Bd7 4. Bxd7+ Qxd7 5. c4 Nf6 6. Nc3 g6 7. d4 cxd4 8.
Qxd4 Bg7 9. O-O O-O 10. Bd2 Nc6 11. Qd3 Ng4 12. Rac1 Rac8 13. b3 Rfd8 14. Rfd1
Nge5 15. Qe3 Qg4 16. Ne1 f5 17. h3 Qh5 18. Nd5 fxe4 19. g4 Nxg4 20. hxg4 Qxg4+
21. Qg3 Qd7 22. Bc3 Rf8 23. Bxg7 Kxg7 24. Qh4 Rf5 25. Qxe4 Rcf8 26. Rd2 Rg5+ 27.
Ng2 Qh3 28. Rc3 Qh6 29. f4 Rh5 30. Rg3 Rh1+ 31. Kf2 e5 32. Rf3 Qh2 33. Ne3 Qg1+
34. Ke2 Nd4+ 35. Rxd4 exd4 36. Qxd4+ Kg8 37. Qd5+ Kh8 38. Rf1 Qh2 39. Rxh1 Qxh1
40. Qxd6 Rf7 41. Qd4+ Kg8 42. Qxa7 h5 43. Qb6 Kg7 44. Qd4+ Kh7 45. Qd5 Re7 46.
Qg5 Rg7 47. f5 gxf5 48. Qxf5+ Kh6 49. Nf4 Rg1 50. Qe5 Qh2+ 51. Kd3 Rg3 52. Qh8+
Kg5 53. Ne6+ 1-0

[Event "7th Sharjah Challengers"]
[Site "Sharjah UAE"]
[Date "2024.05.17"]
[Round "4.8"]
[White "Movahed, Sina"]
[Black "Kanyamarala, Tarun"]
[Result "0-1"]
[WhiteTitle "IM"]
[BlackTitle "IM"]
[WhiteElo "2464"]
[BlackElo "2302"]
[WhiteFideId "42520835"]
[BlackFideId "45004714"]
[EventDate "2024.05.14"]

1. Nf3 d5 2. g3 Nf6 3. Bg2 c5 4. O-O e6 5. d3 Be7 6. Nbd2 O-O 7. e4 Nc6 8. Re1
Qc7 9. Qe2 b5 10. e5 Nd7 11. h4 Bb7 12. h5 h6 13. Nf1 Rfc8 14. Bf4 Qd8 15. N1h2
a5 16. a4 bxa4 17. Ng4 Bf8 18. Rxa4 Nb6 19. Raa1 a4 20. c3 Nd7 21. Qc2 Ba6 22.
Red1 Bb5 23. c4 Nd4 24. Nxd4 cxd4 25. Rac1 Bc6 26. cxd5 Bxd5 27. Qe2 Bxg2 28.
Kxg2 Qb6 29. Kh2 Rab8 30. Rxc8 Rxc8 31. Rd2 Qb7 32. Qd1 Qb3 33. Qe2 Bb4 34. Rd1
Rc2 35. Qf1 Rxb2 36. Bxh6 gxh6 37. Nxh6+ Kg7 38. Ng4 Qd5 39. h6+ Kh8 40. Rc1 Bc3
41. Qh3 Nxe5 42. Kg1 Nf3+ 43. Kf1 Qg5 0-1

[Event "7th Sharjah Challengers"]
[Site "Sharjah UAE"]
[Date "2024.05.17"]
[Round "4.9"]
[White "Rios Gomez, Cristhian Camilo"]
[Black "George Micheal, Kevin"]
[Result "1-0"]
[WhiteTitle "GM"]
[BlackTitle "IM"]
[WhiteElo "2472"]
[BlackElo "2263"]
[WhiteFideId "4403940"]
[BlackFideId "10669515"]
[EventDate "2024.05.14"]

1. d4 Nf6 2. Bf4 g6 3. Nf3 Bg7 4. e3 d6 5. h3 O-O 6. Be2 Nbd7 7. Bh2 Qe8 8. c4
e5 9. Nc3 Qe7 10. O-O Re8 11. c5 Rd8 12. Qc2 exd4 13. cxd6 cxd6 14. Nxd4 Nc5 15.
Rac1 Ne6 16. Rfd1 a6 17. Nb3 Ng5 18. Na5 Nfe4 19. Nd5 Nxh3+ 20. Kf1 Qh4 21. g3
Qh6 22. Qxe4 Nxf2 23. Kxf2 Qxh2+ 24. Qg2 Qh6 25. Ne7+ Kh8 26. Nxc8 Rdxc8 27.
Rxc8+ Rxc8 28. Rh1 Qg5 29. Qh3 Qf5+ 30. Qxf5 gxf5 31. Bd3 Bxb2 32. Nxb7 Rc7 33.
Na5 Rc3 34. Bxf5 Bc1 35. Bxh7 Bxe3+ 36. Ke2 Bd4 37. Bd3+ Kg7 38. Nb3 Be5 39. g4
Rc8 40. Na5 d5 41. Rh7+ Kf6 42. Rh6+ Kg5 43. Rxa6 Kxg4 44. Nc6 Bd6 45. a4 Kf4
46. Kd2 f5 47. Nd4 Bb4+ 48. Ke2 Re8+ 49. Re6 Rg8 50. Kd1 Bc5 51. Ne2+ Kf3 52.
Bxf5 Ra8 53. Bc2 Rh8 54. Kd2 Bb4+ 55. Kd3 Rh2 56. Bb3 Rh5 57. Nc3 Rh8 58. Nxd5
Ba5 59. Ra6 Be1 60. a5 Rh3 61. Rf6+ Kg4+ 62. Ne3+ Kg5 63. Rf5+ Kg6 64. a6 Rh8
65. Bd5 Rh7 66. Bf7+ Kg7 67. a7 Rh8 68. Bd5 1-0

[Event "7th Sharjah Challengers"]
[Site "Sharjah UAE"]
[Date "2024.05.17"]
[Round "4.10"]
[White "Nitish, Belurkar"]
[Black "Devnani, Kush"]
[Result "1-0"]
[WhiteTitle "IM"]
[WhiteElo "2451"]
[BlackElo "2250"]
[WhiteFideId "5084768"]
[BlackFideId "45093806"]
[EventDate "2024.05.14"]

1. e4 c5 2. Nc3 d6 3. f4 g6 4. Nf3 Bg7 5. Bb5+ Bd7 6. a4 e6 7. d3 Nc6 8. O-O
Nge7 9. Be3 Nd4 10. Bxd7+ Qxd7 11. Bxd4 cxd4 12. Ne2 Nc6 13. c3 dxc3 14. bxc3 f5
15. exf5 exf5 16. Rb1 b6 17. Qb3 d5 18. Qa3 Qe7 19. Qa2 Rd8 20. Rfe1 O-O 21.
Ned4 Bxd4+ 22. cxd4 Qd6 23. g3 Rfe8 24. Qb2 Rxe1+ 25. Rxe1 Nb4 26. Ne5 a5 27.
Rc1 b5 28. axb5 Qb6 29. Rc5 Re8 30. Qc3 Na2 31. Qb3 Nb4 32. h4 Kg7 33. Qc3 Re7
34. Kh2 Na2 35. Qd2 Nb4 36. Kh3 Rb7 37. Qc3 Na2 38. Qe1 Nb4 39. Nc6 Nxd3 40. Qa1
Qc7 41. Qc3 Nf2+ 42. Kg2 Ne4 43. Qb3 Nxc5 44. dxc5 Qd7 45. Qc3+ Kg8 46. Nd4 Qe7
47. c6 Qe4+ 48. Kh2 Re7 49. b6 Qb1 50. c7 1-0

[Event "7th Sharjah Challengers"]
[Site "Sharjah UAE"]
[Date "2024.05.17"]
[Round "4.11"]
[White "Jaiveer, Mahendru"]
[Black "Mohammad Fahad, Rahman"]
[Result "0-1"]
[WhiteTitle "FM"]
[BlackTitle "IM"]
[WhiteElo "2243"]
[BlackElo "2435"]
[WhiteFideId "25611151"]
[BlackFideId "10207791"]
[EventDate "2024.05.14"]

1. e4 e5 2. Nf3 Nc6 3. Bc4 Nf6 4. d3 Bc5 5. c3 O-O 6. O-O d6 7. Re1 a5 8. Nbd2
Be6 9. a4 Ba7 10. Nf1 Nxe4 11. Rxe4 d5 12. Bxd5 Bxd5 13. Re1 Qd6 14. Be3 Rfd8
15. Bxa7 Rxa7 16. Ne3 f6 17. d4 Bxf3 18. Qxf3 exd4 19. Nf5 Qd7 20. cxd4 Ra6 21.
Re4 g6 22. Ne3 f5 23. Rf4 Nxd4 24. Rxd4 Qxd4 25. Rd1 Qf6 26. Nd5 Qf7 0-1

[Event "7th Sharjah Challengers"]
[Site "Sharjah UAE"]
[Date "2024.05.18"]
[Round "5.1"]
[White "Lashkin, Jegor"]
[Black "Viani, Antonio Dcunha"]
[Result "1-0"]
[WhiteTitle "FM"]
[BlackTitle "IM"]
[WhiteElo "2449"]
[BlackElo "2394"]
[WhiteFideId "13907808"]
[BlackFideId "5027330"]
[EventDate "2024.05.14"]

1. d4 Nf6 2. c4 e6 3. Nf3 d5 4. Nc3 Be7 5. Bf4 O-O 6. e3 c5 7. dxc5 Bxc5 8. Qc2
Nc6 9. Rd1 Qa5 10. a3 Be7 11. Be2 Ne4 12. cxd5 Nxc3 13. bxc3 exd5 14. O-O h6 15.
a4 Rd8 16. Rb1 Bf6 17. Nd4 a6 18. Rfc1 Qc5 19. Qb2 Re8 20. Rd1 Ne5 21. Qb4 Qe7
22. h3 Nc6 23. Nxc6 bxc6 24. Qxe7 Rxe7 25. Rb6 Bxc3 26. Rxc6 Bf6 27. a5 Be6 28.
Rb1 g5 29. Bd6 Rd7 30. Bxa6 Bd8 31. Bb7 Rxa5 32. Bc8 Rda7 33. Bxe6 fxe6 34. Rb8
Rd7 35. Bc7 1-0

[Event "7th Sharjah Challengers"]
[Site "Sharjah UAE"]
[Date "2024.05.18"]
[Round "5.2"]
[White "Divya, Deshmukh"]
[Black "Aradhya, Garg"]
[Result "1-0"]
[WhiteTitle "IM"]
[BlackTitle "IM"]
[WhiteElo "2443"]
[BlackElo "2388"]
[WhiteFideId "35006916"]
[BlackFideId "25006746"]
[EventDate "2024.05.14"]

1. e4 e5 2. Nf3 Nc6 3. Bb5 a6 4. Ba4 Nf6 5. O-O Be7 6. d3 b5 7. Bb3 d6 8. c3 O-O
9. h3 Na5 10. Bc2 c5 11. d4 d5 12. Nxe5 dxe4 13. dxc5 Bxc5 14. Qxd8 Rxd8 15. b4
Bd6 16. Ng4 Nxg4 17. hxg4 Nc4 18. Bxe4 Ra7 19. Nd2 Bxg4 20. Nxc4 bxc4 21. Bg5
Re8 22. f3 h6 23. Be3 Rae7 24. Bd4 Bh5 25. a4 Bg6 26. Bc6 Rc8 27. b5 Bg3 28. Bf2
Be5 29. Rae1 Bd3 30. f4 axb5 31. axb5 Bxf1 32. Rxe5 Rxe5 33. fxe5 Rxc6 34. bxc6
Bd3 35. e6 Be4 36. c7 1-0

[Event "7th Sharjah Challengers"]
[Site "Sharjah UAE"]
[Date "2024.05.18"]
[Round "5.3"]
[White "Kanyamarala, Tarun"]
[Black "Garifullina, Leya"]
[Result "0-1"]
[WhiteTitle "IM"]
[BlackTitle "IM"]
[WhiteElo "2302"]
[BlackElo "2431"]
[WhiteFideId "45004714"]
[BlackFideId "34127035"]
[EventDate "2024.05.14"]

1. d4 Nf6 2. c4 e6 3. Nf3 d5 4. Nc3 Bb4 5. Qa4+ Nc6 6. e3 O-O 7. Qc2 Re8 8. Bd2
Bf8 9. a3 e5 10. dxe5 Nxe5 11. cxd5 Nxf3+ 12. gxf3 Nxd5 13. h4 a5 14. O-O-O Nb4
15. axb4 axb4 16. Nb1 Qf6 17. f4 Bg4 18. Bc4 Ra5 19. Rde1 Qc6 20. e4 Rc5 21. b3
Bf3 22. Bxb4 Rxc4 23. Qxc4 Qxc4+ 24. bxc4 Bxb4 25. e5 Bxh1 26. Rxh1 f6 27. Rh3
fxe5 28. Rb3 Bc5 29. Rxb7 Bxf2 30. fxe5 c5 31. Nd2 Rxe5 32. Nf3 Rf5 33. Rb8+ Kf7
34. Ng5+ Kg6 35. Rb6+ Rf6 36. Rxf6+ gxf6 37. Ne4 Bd4 38. Kd2 Kf5 39. Nd6+ Kg4
40. Ke2 f5 41. h5 f4 42. h6 f3+ 43. Kf1 Be3 44. Ne4 Kf5 45. Nf2 Bxf2 46. Kxf2
Ke4 47. Kf1 Kd4 48. Kf2 Kxc4 49. Kxf3 Kd3 50. Kf4 c4 51. Kf5 c3 52. Kf6 c2 53.
Kg7 c1=Q 54. Kxh7 Qg5 0-1

[Event "7th Sharjah Challengers"]
[Site "Sharjah UAE"]
[Date "2024.05.18"]
[Round "5.4"]
[White "Sammed Jaykumar, Shete"]
[Black "Delgado Ramirez, Neuris"]
[Result "0-1"]
[WhiteTitle "IM"]
[BlackTitle "GM"]
[WhiteElo "2383"]
[BlackElo "2489"]
[WhiteFideId "5073421"]
[BlackFideId "3503631"]
[EventDate "2024.05.14"]

1. e4 e5 2. Nf3 Nc6 3. Bb5 d6 4. h3 a6 5. Bxc6+ bxc6 6. d4 exd4 7. Qd2 d3 8.
Qxd3 Ne7 9. Qd4 c5 10. O-O Ng6 11. Qd3 f6 12. Be3 Rb8 13. b3 Be7 14. Nfd2 O-O
15. f4 f5 16. c4 Bf6 17. Nc3 Re8 18. Rae1 Bxc3 19. Qxc3 Bb7 20. exf5 Nh4 21. g4
Ng2 22. Re2 Qe7 23. Qd3 Qxe3+ 24. Rxe3 Rxe3 25. Qb1 Rbe8 26. f6 gxf6 27. Nf3
Bxf3 28. Qf5 Be4 29. Qxf6 Rxh3 30. f5 Ne3 31. Rf4 Bc6 0-1

[Event "7th Sharjah Challengers"]
[Site "Sharjah UAE"]
[Date "2024.05.18"]
[Round "5.6"]
[White "Romany, Joy"]
[Black "Ahmad, Al Khatib"]
[Result "0-1"]
[BlackTitle "GM"]
[WhiteElo "1975"]
[BlackElo "2380"]
[WhiteFideId "10656820"]
[BlackFideId "8103178"]
[EventDate "2024.05.14"]

1. d4 Nf6 2. c4 e6 3. g3 c5 4. d5 exd5 5. cxd5 d6 6. Nc3 g6 7. Bg2 Bg7 8. Nf3
O-O 9. O-O a6 10. a4 Re8 11. Nd2 Nbd7 12. Nc4 Ne5 13. Nxe5 Rxe5 14. Qc2 Rh5 15.
h4 Ng4 16. Bg5 Rxg5 17. hxg5 Qxg5 18. e3 Qh5 19. Rfe1 Qh2+ 20. Kf1 Ne5 21. Qe4
Bg4 22. Rec1 f5 23. Qc2 Nf3 24. Bxf3 Bxf3 25. Ke1 Bxc3+ 0-1

[Event "7th Sharjah Challengers"]
[Site "Sharjah UAE"]
[Date "2024.05.18"]
[Round "5.7"]
[White "Laddha, Shubh Jayesh"]
[Black "Rios Gomez, Cristhian Camilo"]
[Result "1/2-1/2"]
[WhiteTitle "FM"]
[BlackTitle "GM"]
[WhiteElo "2325"]
[BlackElo "2472"]
[WhiteFideId "30942799"]
[BlackFideId "4403940"]
[EventDate "2024.05.14"]

1. e4 c5 2. Nf3 Nc6 3. d4 cxd4 4. Nxd4 Nf6 5. Nc3 e5 6. Ndb5 d6 7. Bg5 a6 8. Na3
b5 9. Nab1 Be7 10. Bxf6 Bxf6 11. a4 b4 12. Nd5 O-O 13. Bc4 Be6 14. O-O g6 15. c3
bxc3 16. Nbxc3 Bg7 17. Qd3 a5 18. b3 Kh8 19. Rad1 f5 20. f3 f4 21. Nb5 1/2-1/2

[Event "7th Sharjah Challengers"]
[Site "Sharjah UAE"]
[Date "2024.05.18"]
[Round "5.8"]
[White "Hakobyan, Erik"]
[Black "Nitish, Belurkar"]
[Result "0-1"]
[WhiteTitle "FM"]
[BlackTitle "IM"]
[WhiteElo "2340"]
[BlackElo "2451"]
[WhiteFideId "13313940"]
[BlackFideId "5084768"]
[EventDate "2024.05.14"]

1. e4 e6 2. d4 d5 3. exd5 exd5 4. Nf3 Bd6 5. c4 Nf6 6. c5 Be7 7. Qa4+ Bd7 8. Qb3
Nc6 9. Nc3 O-O 10. Be3 b6 11. cxb6 axb6 12. Be2 Bf5 13. a3 Na5 14. Qd1 c5 15.
O-O c4 16. Ne5 Ne4 17. Nxe4 Bxe4 18. Rc1 f6 19. Nf3 b5 20. Nd2 Bg6 21. Bh5 Bd3
22. Be2 Bf5 23. Bg4 Bxg4 24. Qxg4 f5 25. Qg3 f4 26. Bxf4 Rxf4 27. Qxf4 Bg5 28.
Qf5 Bxd2 29. Rc2 Nb3 0-1

[Event "7th Sharjah Challengers"]
[Site "Sharjah UAE"]
[Date "2024.05.18"]
[Round "5.9"]
[White "Mohammad Fahad, Rahman"]
[Black "Anwesh, Upadhyaya"]
[Result "1/2-1/2"]
[WhiteTitle "IM"]
[BlackTitle "IM"]
[WhiteElo "2435"]
[BlackElo "2345"]
[WhiteFideId "10207791"]
[BlackFideId "5028949"]
[EventDate "2024.05.14"]

1. d4 d5 2. c4 c6 3. Nc3 Nf6 4. Nf3 e6 5. g3 Nbd7 6. Bg2 Be7 7. O-O O-O 8. Qd3
b6 9. e4 Bb7 10. Nd2 dxc4 11. Nxc4 b5 12. Ne3 b4 13. Ne2 e5 14. Rd1 Re8 15. Nc4
Qc7 16. Qc2 Ba6 17. h3 Rad8 18. Be3 c5 19. Nxe5 Bxe2 20. Qxe2 cxd4 21. Nxd7 dxe3
22. Nxf6+ Bxf6 23. Qxe3 Bxb2 24. Rab1 Bc3 25. Bf1 a5 26. Bb5 Re7 27. Ba4 Rf8 28.
Rd5 Qc4 1/2-1/2

[Event "7th Sharjah Challengers"]
[Site "Sharjah UAE"]
[Date "2024.05.18"]
[Round "5.10"]
[White "Suyarov, Mukhammadzokhid"]
[Black "Ezat, Mohamed"]
[Result "1-0"]
[WhiteTitle "IM"]
[BlackTitle "IM"]
[WhiteElo "2431"]
[BlackElo "2342"]
[WhiteFideId "14210495"]
[BlackFideId "10600906"]
[EventDate "2024.05.14"]

1. e4 e5 2. Nf3 Nc6 3. Bb5 a6 4. Ba4 Nf6 5. O-O Be7 6. Re1 b5 7. Bb3 O-O 8. h3
d5 9. exd5 Nxd5 10. Nxe5 Nxe5 11. Rxe5 c6 12. Nc3 Nxc3 13. bxc3 Bf6 14. Re3 c5
15. Qf3 Ra7 16. Bd5 Rd7 17. Be4 b4 18. Bd3 g6 19. Bb2 c4 20. Bxc4 Bb7 21. Qg4
Rxd2 22. Bb3 a5 23. Rae1 a4 24. Bxa4 bxc3 25. Ba3 Rd4 26. Qg3 Bh4 27. Qe5 Rxa4
28. Bxf8 Qxf8 29. g3 Bd8 30. Qb5 Rb4 31. Qd7 Kg7 32. Re8 Qc5 33. Qxd8 Qc6 34.
Rg8+ Kh6 35. Qf8+ Kg5 36. Re5+ 1-0

[Event "7th Sharjah Challengers"]
[Site "Sharjah UAE"]
[Date "2024.05.18"]
[Round "5.11"]
[White "Peycheva, Gergana"]
[Black "Harsh, Suresh"]
[Result "1/2-1/2"]
[WhiteTitle "FM"]
[BlackTitle "IM"]
[WhiteElo "2295"]
[BlackElo "2417"]
[WhiteFideId "2916711"]
[BlackFideId "45018464"]
[EventDate "2024.05.14"]

1. d4 d5 2. c4 e6 3. Nc3 Nf6 4. cxd5 exd5 5. Bg5 Bb4 6. e3 h6 7. Bxf6 Qxf6 8.
Qb3 Qd6 9. a3 Bxc3+ 10. Qxc3 O-O 11. Bd3 Re8 12. Nf3 c6 13. O-O Qf6 14. b4 Bf5
15. Ne5 Bxd3 16. Qxd3 Qd6 17. Rfc1 f6 18. Qg6 Qe6 19. Nd3 Nd7 20. Nc5 Nxc5 21.
Rxc5 Rec8 22. Rac1 a6 23. a4 Qd6 24. b5 axb5 25. axb5 Ra5 26. bxc6 Rxc5 27. Rxc5
Rxc6 28. Qe8+ Kh7 29. Rxc6 bxc6 30. g3 1/2-1/2

[Event "7th Sharjah Challengers"]
[Site "Sharjah UAE"]
[Date "2024.05.19"]
[Round "6.2"]
[White "Delgado Ramirez, Neuris"]
[Black "Divya, Deshmukh"]
[Result "1/2-1/2"]
[WhiteTitle "GM"]
[BlackTitle "IM"]
[WhiteElo "2489"]
[BlackElo "2443"]
[WhiteFideId "3503631"]
[BlackFideId "35006916"]
[EventDate "2024.05.14"]

1. b3 Nf6 2. Bb2 d5 3. e3 e6 4. c4 Be7 5. Nf3 O-O 6. Be2 c5 7. O-O Nc6 8. cxd5
Nxd5 9. Nc3 Bf6 10. Qc2 b6 11. Rad1 Nxc3 12. dxc3 Qe7 13. Nd2 Bb7 14. Ne4 Rfd8
15. Nxf6+ Qxf6 16. Bd3 Rxd3 17. Qxd3 Ne5 18. Qe2 Nf3+ 19. Kh1 Be4 20. Rfe1 Nxe1 1/2-1/2

[Event "7th Sharjah Challengers"]
[Site "Sharjah UAE"]
[Date "2024.05.19"]
[Round "6.3"]
[White "Nitish, Belurkar"]
[Black "Hesham, Abdelrahman"]
[Result "1-0"]
[WhiteTitle "IM"]
[BlackTitle "GM"]
[WhiteElo "2451"]
[BlackElo "2394"]
[WhiteFideId "5084768"]
[BlackFideId "10600183"]
[EventDate "2024.05.14"]

1. e4 c5 2. Nf3 d6 3. d4 cxd4 4. Nxd4 Nf6 5. Nc3 a6 6. h3 e5 7. Nf3 h6 8. Bc4
Be6 9. Bb3 Be7 10. Be3 Nbd7 11. Nh4 Qc7 12. Qf3 b5 13. Nf5 Bf8 14. O-O b4 15.
Nd5 Nxd5 16. exd5 Bxf5 17. Qxf5 g6 18. Qg4 a5 19. a3 bxa3 20. Rxa3 Bg7 21. Ba4
h5 22. Qh4 Rb8 23. Bd2 O-O 24. Bc6 Bf6 25. Qc4 Rxb2 26. Bxa5 Qc8 27. Bb4 Qc7 28.
Ba5 Qc8 29. Rb3 e4 30. Rxb2 Bxb2 31. Qb5 Be5 32. Bxd7 Qxc2 33. Bc6 f5 34. Qb1
Qc4 35. Rc1 Qa6 36. Bc3 Bxc3 37. Rxc3 Rf7 38. Rb3 h4 39. Rb8+ Kh7 40. Qb2 Kh6
41. Rh8+ Kg5 42. Qc1+ f4 43. Qd1 f3 44. Qc1+ Kf5 45. Rxh4 g5 46. Rg4 Rg7 47.
gxf3 1-0

[Event "7th Sharjah Challengers"]
[Site "Sharjah UAE"]
[Date "2024.05.19"]
[Round "6.4"]
[White "Viani, Antonio Dcunha"]
[Black "Suyarov, Mukhammadzokhid"]
[Result "1-0"]
[WhiteTitle "IM"]
[BlackTitle "IM"]
[WhiteElo "2394"]
[BlackElo "2431"]
[WhiteFideId "5027330"]
[BlackFideId "14210495"]
[EventDate "2024.05.14"]

1. e4 e5 2. Nf3 Nf6 3. d4 Nxe4 4. Bd3 d5 5. Nxe5 Nd7 6. Nc3 Nxe5 7. dxe5 Nxc3 8.
bxc3 Be7 9. O-O O-O 10. Qh5 g6 11. Qf3 Re8 12. Qg3 c5 13. c4 Be6 14. cxd5 Qxd5
15. Re1 Red8 16. Bf4 Qc6 17. h4 Rd4 18. c3 Rxd3 19. Qxd3 Bxh4 20. Qe3 Be7 21.
Bg5 Bf8 22. Bf6 b5 23. Re2 a5 24. Rd2 b4 25. Rad1 b3 26. Rd8 bxa2 27. Qh6 Qe8
28. Rxe8 Rxe8 29. Qc1 Rb8 30. Qa1 a4 31. Kh2 a3 32. c4 Bxc4 33. e6 Bxe6 34. Rd8
Rxd8 35. Bxd8 f5 36. Bf6 Kf7 37. Be5 Bb3 38. Qc3 c4 39. Qe3 Ke6 40. Bg7+ Kf7 41.
Ba1 Bd6+ 42. g3 f4 43. Qa7+ Be7 44. gxf4 h5 45. Qd4 Ke8 46. Qe4 Kd7 47. Qxg6 Bd6
48. Kh3 c3 49. Qg7+ Be7 50. Qxc3 Be6+ 51. Kh2 h4 52. Qd3+ Kc6 53. Qe4+ Kd7 54.
f5 Bf7 55. f4 1-0